Statistics for Genetalia

Click here to take the quiz!

General Stats

  • This quiz has been taken 16 times
    (10 since last reset)
  • The average score is 19 of 41

Answer Stats

HintAnswer% Correct
ÄggstockOvarium
100%
VårtgårdAreola mamae
50%
Livmoderhalsen heterCervix uteri
50%
Dessa transporterar äggcellerna i äggledarnaCillier
50%
Penis har 2 stycken ___Corpus Cavernosum
50%
Penis har 1 sycken :::Corpus Spongiosum
50%
Platsen där foliklar inkapslar äggcellernaCortex
50%
Sädesledarna från bitestikel till sädesblåsanDuctus Deferens
50%
Sädelsledaren mellan sädesblåsan och prostataDuctus Ejaculatorius
50%
MjölkgångarDuctus lactiferi
50%
Livmodern har 3 skyddande lager. Vad heter det innersta?Endometrium
50%
BitestiklarnaEpididymis
50%
Taket i Livmodern heterFundus Uteri
50%
OllonetGlans Penis
50%
BröstKörtelvävnadGl. Mammaria
50%
Yttre blygläpparLabia Majus
50%
Inre blygdläpparLabia Minus
50%
lig. Suspensorum ovarii ursprungar ___ på äggstockenLateralt
50%
BröstMammae
50%
Testikelhöjarna (muskler)m. Cremaster / m. Dartos
50%
Lig. Ovarii proprium ursprungar ___ på äggstockenMedialt
50%
Centrala delen av ÄggstockenMedulla
50%
Över klitorisMons Pubis
50%
Livmodern har 3 skyddande lager. Vad heter det mellersta?Myometrium
50%
BröstvårtanPapilla mammaria
50%
lig. Suspensorum ovarii fäster påPelvis
50%
Livmodern har 3 skyddande lager. Vad heter det yttersta?Perimetrium
50%
Livmodertappen heterPortio
50%
Glandula Vestibulares minor/major producerar ___Sekret
50%
MjölksäckarSinus Lactiferi
50%
TestiklarnaTestis
50%
Vilken av de tidigare strukturerna består av Veckad Mucosa?Tuba uteria
50%
ÄggledareTuba uteria
50%
LivmoderUterus
50%
Lig. Ovarii proprium fäster påUterus / Livmodern
50%
Detta är hela vagina-regionenVulva
50%
Väggen runt testiklarnaFemiculus Spermaticus
0%
Sädesblåsangl. seminalis
0%
FörhudPerputium
0%
Kappan runte äggstockarnaTunica Albuginea
0%
Utmynningen för Urethra och LivmodernVestibum Vagina
0%

Score Distribution

Percentile by Number Answered

Percent of People with Each Score

Your Score History

You have not taken this quiz since the last reset